000 00322nam a22001337a 4500
008 171027b xxu||||| |||| 00| 0 eng d
020 _a04713955757
041 _aeng
080 _a311
100 _a55
101 _aSTA
245 _aWILEY SERIES IN PROBALITY AND MATHEMATICAL STATISTICS
_cJAMES.D
942 _2udc
_cBK
999 _c36029
_d36029